MDQL
is popping MORE tags! Check the
thread
!
Quizzes
Events
Quiz Creation
Community
Videos
Private Events
Remove Ads
Sign In
Join for FREE
Feedback
Dark Mode
Quiz Categories
Sports
Geography
Music
Movies
Television
Just For Fun
Miscellaneous
History
Literature
Language
Science
Gaming
Entertainment
Religion
Holiday
For Kids
Quiz Lab
Recent
Popular Today
Quiz Kudos Today
Editor Picks
Curator Picks
Quizzes by...
Day
Popularity
Type
Ratings
Length
Year
Community
Subscriptions
Recent Discussions
Orange Saloon
Badges
Playlists
Quests
Create
Leaderboards
Showdown
Live 5
Trivia Bingo
Activity
Puzzle Library
Sporcle Events
Private Events
Virtual Trivia
Globe League
Become a Host
Pub Owners
SporcleCon
Opinionation
Our Games
Videos
Blog
Mobile Apps
Partnerships
Remove Ads and Go Orange
Feedback
History
US Presidents
World Leaders
Politics
Nation
Discovery
War
Decade
Year
Century
Biography
Art
History
US Presidents
World Leaders
Politics
Nation
Discovery
War
Decade
Year
Century
Biography
Art
Random Quiz
Search Sporcle
×
Quiz Lab
Quiz Lab
History
Extra
Type in answers that appear in a list
Type in answers that appear in a list
Classic
Best Score? Go Orange.
Children of Portuguese Monarchs Stats
Can you name the Children of Portuguese Monarchs?
By
HopeRebron
10m
66 Questions
986 Plays
986 Plays
986 Plays
Comments
Comments
Give Quiz Kudos
Give Quiz Kudos
-
- Ratings
hide this ad
Replay
Link that replays current quiz
Next Quiz
Link to next quiz in quiz playlist
You Got
0%
They Got
Avg Score
77%
Avg Friend Score
Upgrade to see
Score Distribution
Jump to the score distribution portion of the page
Score
0/66
Timer
10:00
0
Plays Today
Extra Facts
Children Names
% Correct
José I and Mariana Victoria of Spain
Maria I, Queen of Portugal
99.7%
João V and Carlota Joaquina of Spain
Infanta Maria da Assunção
99.7%
Pedro IV and Maria Leopoldina of Austria
Maria II, Queen of Portugal
99.7%
Maria II and Fernando II of Portugal
Infanta Maria
99.7%
Maria II and Fernando II of Portugal
Infate Maria da Glória
99.7%
João IV and Luisa de Guzmán
Pedro II, King of Portugal
99.2%
João V and Maria Anna of Austria
Pedro III, King of Portugal
99.2%
João V and Carlota Joaquina of Spain
Pedro IV, King of Portugal, King of Brazil
99.2%
Pedro IV and Maria Leopoldina of Austria
Pedro II, Emperor of Brazil
99.2%
Maria II and Fernando II of Portugal
Pedro V, King of Portugal
99.2%
Pedro II and Maria Sophia of Neuburg
João, Prince of Brazil, Duke of Braganza
98.7%
Maria I and Pedro III
João of Braganza
98.7%
Maria I and Pedro III
João Francisco of Braganza
98.7%
Maria II and Fernando II of Portugal
Infante João, Duke of Beja
98.7%
Pedro II and Maria Sophia of Neuburg
João V, King of Portugal
98.6%
Maria I and Pedro III
João VI, King of Portugal
98.6%
Pedro IV and Maria Leopoldina of Austria
João Carlos, Prince of Beira
98.6%
Maria II and Fernando II of Portugal
Luís I, King of Portugal
97.9%
Carlos I and Amélie of Orléans
Luís Filipe, Prince Royal
97.9%
Luís I and Maria Pia of Savoy
Carlos I, King of Portugal
94.2%
José I and Mariana Victoria of Spain
Infanta Maria Ana Francisca
94.1%
Carlos I and Amélie of Orléans
Infanta Maria Ana of Braganza
94.1%
João V and Maria Anna of Austria
Pedro, Prince of Brazil
94%
João V and Maria Anna of Austria
Infante Carlos
93.8%
João IV and Luisa de Guzmán
Infanta Ana de Bragança
93.3%
João V and Carlota Joaquina of Spain
Infanta Ana de Jesus Maria, Marquise of Loulé, Count of Vale de Reis
93.3%
João V and Carlota Joaquina of Spain
Infanta Maria Francisca, Infanta of Spain, Countess of Molina
92.9%
Pedro II and Maria Sophia of Neuburg
Infanta Francisca Xaviera
92.3%
Pedro II and Maria Sophia of Neuburg
Infante Francisca Josefa
91.2%
Pedro IV and Maria Leopoldina of Austria
Infanta Francisca, Princess of Brazil, Princess of Joinville
91.2%
Maria I and Pedro III
José, Prince of Brazil
91.1%
João V and Maria Anna of Austria
José I, King of Portugal
91%
Maria I and Pedro III
Infanta Mariana Victoria, Infanta of Spain
88.1%
Extra Facts
Children Names
% Correct
Maria II and Fernando II of Portugal
Infante Fernando
86.2%
Pedro IV and Amélie of Leuchtenberg
Princess Maria Amélia of Brazil
83.8%
Maria II and Fernando II of Portugal
Infante Leopoldo
78.1%
João IV and Luisa de Guzmán
Infante Manuel de Bragança
76%
Pedro II and Maria Sophia of Neuburg
Infante Manuel, Count of Ourém
76%
Carlos I and Amélie of Orléans
Manuel II, King of Portugal
76%
João V and Carlota Joaquina of Spain
Infanta Maria Teresa, Infanta of Spain, Countess of Molina
74.5%
Maria I and Pedro III
Infanta Maria Isabel of Braganza
74.4%
João V and Carlota Joaquina of Spain
Infanta Maria Isabel, Queen of Spain
74.4%
Pedro II and Maria Francisca of Savoy
Infanta Isabel Luísa, Princess of Beira
72.1%
João V and Carlota Joaquina of Spain
Infanta Isabel Maria
72.1%
Pedro II and Maria Sophia of Neuburg
Infante Francisco, Duke of Beja
71.2%
João V and Carlota Joaquina of Spain
Francisco António, Prince of Beira
71.2%
Maria II and Fernando II of Portugal
Infanta Maria Ana, Queen of Saxony
70.8%
Pedro II and Maria Sophia of Neuburg
Infanta Teresa Maria
68.5%
João IV and Luisa de Guzmán
Infanta Catarina
65.9%
Pedro II and Maria Sophia of Neuburg
Infante António
59.3%
José I and Mariana Victoria of Spain
Infanta Maria Benedita, Princess of Brazil
59.2%
João IV and Luisa de Guzmán
Infanta Joana
57.9%
Luís I and Maria Pia of Savoy
Infante Afonso, Duke of Porto
57.3%
Maria II and Fernando II of Portugal
Infanta Antónia, Princess of Hohenzollern
56.3%
João IV and Luisa de Guzmán
Afonso VI, King of Portugal
55%
João V and Carlota Joaquina of Spain
Miguel I, King of Portugal
52.9%
Pedro IV and Maria Leopoldina of Austria
Miguel, Prince of Beira
52.6%
Maria II and Fernando II of Portugal
Infante Augusto, Duke of Coimbra
52.3%
José I and Mariana Victoria of Spain
Infanta Maria Doroteia
44.2%
Maria I and Pedro III
Infanta Maria Clementina of Braganza
41.4%
Pedro IV and Maria Leopoldina of Austria
Infanta Januária, Princess of Brazil, Princess of Two-Bourbon Sicilies, Countess of Aquila
39.7%
João V and Maria Anna of Austria
Infanta Barbara, Queen of Spain
38.9%
João IV and Luisa de Guzmán
Infante Teodósio, Prince of Brazil, Duke of Braganza
37.6%
Pedro IV and Maria Leopoldina of Austria
Infanta Paula, Princess of Brazil
37.2%
João V and Maria Anna of Austria
Infante Alexandre
37%
Maria II and Fernando II of Portugal
Infante Eugénio
28.7%
Quiz Playlist
Details
Report
Send in Message
Add To Playlist
Classic:
Type in answers that appear in a list
Last Updated: Mar 30, 2023
Quiz Scoreboard
CHALLENGE
Sign Up to Join the Scoreboard
Show All
Scores
Hide
Comments
May contain spoilers
Recently Published
1-10 Letter E Words III
by El_Dandy
Language
2m
Street Fighter Characters
by Artimus82
Gaming
60s
College Basketball Coaching Resumes
by pancakes188
Sports
9m
More to Explore
Quiz From the Vault
Featured Blog Post
Where Did the Easter Bunny Come From?
hide this ad
You Might Also Like...
Tags
Children
Extra
monarch
portuguese
Today's Top Quizzes in History
Browse History
hide this ad
Today's Top Quizzes in Extra
Browse Extra
Top Contributed Quizzes in History
1
Popular People in 1991
2
Popular People in 1981
3
Popular People in 1951
4
Popular People in 1941
5
Popular People in 1986
6
Popular People in 1976
7
Popular People in 1921
8
5-to-1: 20th Century Images of War
9
I Am Born On March 28th
10
Popular People in 1946
Explore More
Trending Topics
Crossword
Anime
Disney
NBA
Kpop
Harry Potter
Marvel
WWE
Song
Pokémon
NFL
Soccer
The Office
Country
Puzzle
hide this ad
More By:
HopeRebron
Quiz
Plays
Rating
Category
Featured
Created
Children of British Monarchs
5,232
5.00
History
Nov 11, 2014
Children of French Monarchs
3,350
3.83
History
Dec 27, 2014
Popular French Royal Baby Names
2,714
4.32
History
Dec 26, 2014
Children of Spanish Monarchs
1,685
3.00
History
Dec 29, 2014
Children of Russian Monarchs
1,612
4.00
History
Jun 27, 2016
Go to Creator's Profile
Score Distribution
Quiz Creator Spotlight
HopeRebron
Follow
Send a Message
Quizzes Created
-
Created Quiz Play Count
-
More By This Creator
Popular Quizzes Today
1
Find the US States - No Outlines Minefield
2
Find the Countries of Europe - No Outlines Minefield
3
The Countries of the World
4
Find the US States
5
Risky Map Clicking: Biggest States A-Z
6
US States
7
Popular People in 1961
8
Movies - When Are They Set?
More History Quizzes
Landmarks by Old Photos
Published
Trending Quizzes
Risky Map Clicking: Least Populous States A-Z
1-10 Letter G Words
1-10 Letter F Words
Countries of the World: 200 Million BC
Risky Map Clicking: Next State Alphabetically
Recently Updated
Beyoncé Albums
pecheneg
Leaping Animals
pecheneg
Reality TV Shows (A-Z)
bhenderson79
Rickey Henderson's Hall of Fame Teammates
pecheneg
Champions League XIs: Arsenal
pecheneg
Quick Pick: Celebrities in WWE's Hall of Fame
aduchscher
A-Z Keypad Blitz II
pecheneg
Multiple Oscar Actors
pecheneg
Mystery Phrase Blitz: Oscar 'Best Actors'
pecheneg
F. Scott Fitzgerald Novels
LTH
Trending Topics
Crossword
Harry Potter
Kpop
NBA
Disney
Anime
Marvel
The Office
Pokémon
Puzzle
Soccer
Country
Song
NFL
WWE
Your Account Isn't Verified!
In order to create a playlist on Sporcle, you need to verify the email address you used during registration. Go to your
Sporcle Settings
to finish the process.
Report this User
Report this user for behavior that violates our
Community Guidelines
.
Details:
Send Report
Go to the Sporcle.com Mobile Site →
Comments